000 00382nam a22001457a 4500
005 20180125112748.0
008 180125b xxu||||| |||| 00| 0 eng d
040 _cPK-LaUMT
082 _aPKAC 297.74
_bJAV-Q
100 _aJaved Ahmed Ghamdi
245 _aQanoon e dawat/
_cJaved Ahmed Ghamdi
260 _aلاہور:
_bدارالاشراق،
_c1992
300 _a94
942 _cBK
999 _c102170
_d102170